| 000 | 01907cam a2200469 i 4500 | ||
|---|---|---|---|
| 999 |
_c113564 _d113564 |
||
| 001 | 19001075 | ||
| 003 | OSt | ||
| 005 | 20190427114123.0 | ||
| 008 | 160304s2015 enk b 001 0 eng d | ||
| 010 | _a 2016295205 | ||
| 020 | _a1849468834 | ||
| 020 | _a9781849468831 | ||
| 020 | _a9781849468862 (online) | ||
| 035 | _a(OCoLC)ocn902021824 | ||
| 040 |
_aYDXCP _beng _cYDXCP _erda _dBTCTA _dOCLCQ _dCDX _dOCLCO _dOCLCF _dVWL _dOCL _dDLC |
||
| 042 | _alccopycat | ||
| 043 | _au-at--- | ||
| 050 | 0 | 0 |
_aK237 _b.S63 2015 |
| 082 | 0 | 4 |
_a340.1 _223 |
| 100 | 1 |
_aSpagnolo, B. J. _q(Benjamin James), _eauthor. |
|
| 245 | 1 | 4 |
_aThe continuity of legal systems in theory and practice / _cBenjamin Spagnolo. |
| 264 | 1 |
_aOxford: _bHart Publishing, _c2015. |
|
| 300 |
_axxix, 243 pages ; _c24 cm |
||
| 336 |
_atext _btxt _2rdacontent |
||
| 337 |
_aunmediated _bn _2rdamedia |
||
| 338 |
_avolume _bnc _2rdacarrier |
||
| 504 | _aIncludes bibliographical references (pages 227-235) and index. | ||
| 505 | 0 | _aIntroduction -- Australia : 1788-2001 -- Kelsen : authorised constitutional change -- Application of Kelsen's account -- Raz : continuity of social form -- Application of Raz's account. | |
| 600 | 1 | 0 |
_aKelsen, Hans, _d1881-1973. |
| 600 | 1 | 0 | _aRaz, Joseph. |
| 600 | 1 | 7 |
_aKelsen, Hans, _d1881-1973. _2fast _0(OCoLC)fst00015699 |
| 600 | 1 | 7 |
_aRaz, Joseph. _2fast _0(OCoLC)fst00143390 |
| 650 | 0 |
_aLaw _xPhilosophy. |
|
| 650 | 0 |
_aConstitutional law _zAustralia. |
|
| 650 | 7 |
_aConstitutional law. _2fast _0(OCoLC)fst00875797 |
|
| 650 | 7 |
_aLaw (Philosophical concept) _2fast _0(OCoLC)fst01770250 |
|
| 651 | 7 |
_aAustralia. _2fast _0(OCoLC)fst01204543 |
|
| 856 | _uhttps://www.bloomsburycollections.com/book/the-continuity-of-legal-systems-in-theory-and-practice/ | ||
| 906 |
_a7 _bcbc _ccopycat _d2 _encip _f20 _gy-gencatlg |
||
| 942 |
_2ddc _cEBK |
||